| 000 | 00527nac a22001691u 4500 | ||
|---|---|---|---|
| 020 | _a8170081890 : | ||
| 082 |
_a670 _bMAN |
||
| 090 |
_c9742 _d9742 |
||
| 100 | _aManek, N. J. | ||
| 245 |
_aComprehensive industrial engineering / _cN. J. Manek. |
||
| 260 |
_aNew Delhi : _bLaxmi publications,2001. _cc2001. |
||
| 300 |
_a142 p. : _bill. ; _c24 cm. |
||
| 500 | _aDistributer: Al-Ahram. | ||
| 511 | _aCatalogued by: Sara. | ||
| 650 | _aIndustrial engineering | ||
| 942 |
_cBB _k670MAN |
||
| 999 |
_c9742 _d9742 |
||